Normal view
MARC view
Entry Personal Name
001 - CONTROL NUMBER
- control field: 16393
003 - CONTROL NUMBER IDENTIFIER
- control field: HDC
005 - DATE AND TIME OF LATEST TRANSACTION
- control field: 20230624073500.0
008 - FIXED-LENGTH DATA ELEMENTS
- fixed length control field: 210221|| aca||aabn | a|a d
040 ## - CATALOGING SOURCE
- Original cataloging agency: HDC
- Transcribing agency: HDC
100 ## - HEADING--PERSONAL NAME
- Personal name: Woodberry Jr., Warren
670 ## - SOURCE DATA FOUND
- Source citation: Work cat.: (HDC): Woodberry Jr., Warren author, Its Vendy Awards time again in NYC / by, 2007
